000 01504nam a2200385 a 4500
001 ebr10696995
003 CaPaEBR
006 m o u
007 cr cn|||||||||
008 100302s2011 enk sb 001 0 eng d
010 _z 2010008981
020 _z9781845539009 (pbk.)
020 _z9781845538996 (hbk.)
020 _z9781781790311 (e-book)
040 _aCaPaEBR
_cCaPaEBR
035 _a(OCoLC)831625689
043 _aaw-----
050 1 4 _aDS61.85
_b.J86 2011eb
082 0 4 _a305.6/97
_222
100 1 _aJung, Dietrich,
_d1959-
245 1 0 _aOrientalists, Islamists and the global public sphere
_h[electronic resource] :
_ba genealogy of the modern essentialist image of Islam /
_cDietrich Jung.
260 _aSheffield ;
_aOakville, Conn. :
_bEquinox Pub.,
_c2011.
300 _a323 p.
490 0 _aComparative Islamic studies
504 _aIncludes bibliographical references (p. [275]-305) and index.
533 _aElectronic reproduction.
_bPalo Alto, Calif. :
_cebrary,
_d2013.
_nAvailable via World Wide Web.
_nAccess may be limited to ebrary affiliated libraries.
650 0 _aOrientalism
_xHistory.
650 0 _aIslam
_xPublic opinion.
650 0 _aIslam
_xRelations.
650 0 _aEast and West.
651 0 _aMiddle East
_xForeign public opinion, Western.
655 7 _aElectronic books.
_2local
710 2 _aebrary, Inc.
856 4 0 _uhttp://site.ebrary.com/lib/rucke/Doc?id=10696995
_zAn electronic book accessible through the World Wide Web; click to view
999 _c22928
_d22928